00202nam a2200085 4500082001400000245003900014260002600053300000700079650003000086 a658.5 INS aProduct Innovations and Leadership aColombobICHEMCc2002 a30 aProduct Innovationsa2002